CORTIS - Quiz Ultime - Statistiques

Statistiques générales
  • Ce quiz a été pris 36 fois
  • Le résultat moyen est 23 sur 46
Statistiques - réponses
Hint Réponse % Correct
Informations générales Année de début 2025
100%
Informations générales Nombre de membres 5
96%
Informations générales Nom de leur agence HYBE
96%
Informations générales Nom de leur label BigHit
85%
Informations générales Nom des fans COER
85%
Autres Nombre de membres coréens 3
81%
Autres Membre le plus âgé James
81%
Autres Membre le plus grand Martin
81%
Albums 2026 GREENGREEN
69%
Informations générales Signification du nom COLOR OUTSIDE THE LINES
65%
Albums 2025 COLOR OUTSIDE THE LINES
65%
Martin Groupes pour lesquels il a produit des musiques Tomorrow X Together (TXT) / ILLIT / LE SSERAFIM / ENHYPEN
65%
Juhoon Nationalité Corée du Sud
62%
Keonho Nationalité Corée du Sud
62%
Seonghyeon Nationalité Corée du Sud
62%
Keonho Couleur Jaune
62%
Martin Couleur Rouge
62%
James Groupes pour lesquels il a produit des musiques Tomorrow X Together (TXT) / ILLIT
62%
James Couleur Vert
62%
Juhoon Couleur Bleu
58%
Martin Position Leader
58%
Keonho Position Maknae
54%
Martin Nationalité Canada
50%
Seonghyeon Couleur Noir
50%
James Nationalité Thaïlande / Taiwan
50%
Keonho Sport qu'il pratiquait jeune Natation
46%
Juhoon Nom complet Kim Ju-hoon
38%
Keonho Signe astrologique Verseau
38%
Début Single de début What You Want
38%
Keonho Anniversaire 14 février 2009
35%
Keonho Nom complet An Keon-ho
35%
Seonghyeon Nom complet Eom Seong-hyeon
35%
Martin Signe astrologique Poisson
31%
James Groupe dans lequel il devait débuté avant Trainee A
31%
Début Date officielle de début 18 août 2025
27%
Juhoon Signe astrologique Capricorne
27%
Seonghyeon Signe astrologique Capricorne
27%
Martin Nom complet Martin Edwards
27%
Martin Anniversaire 20 mars 2008
23%
Juhoon Anniversaire 3 janvier 2008
23%
James Signe astrologique Balance
23%
Juhoon Sport qu'il pratiquait jeune Basket
23%
Seonghyeon Anniversaire 13 janvier 2009
19%
James Anniversaire 14 octobre 2005
12%
James Nom complet Chao Yufan
8%
Autres Nom de leur émission sur Youtube CORTIS LAB
0%
Aucun quiz correspondant
Distribution des résultats
% des personnes avec chaque résultat
Percentile par nombre de réponses
Votre historique - résultats
Vous n’avez pas pris ce quiz